| 000 | 00465nam a22001337a 4500 | ||
|---|---|---|---|
| 999 |
_c7763 _d7763 |
||
| 008 | 230724b ||||| |||| 00| 0 eng d | ||
| 020 | _a9788434436428 | ||
| 040 | _aCDMR | ||
| 100 |
_94872 _aJiménez, David |
||
| 245 |
_aLos diarios del opio _b: tras las huellas de Orwell, Conrad, Kipling y otros grandes escritores que encontraron la perdición en Oriente _c / David Jiménez |
||
| 260 |
_aBarcelona _b: Ariel _c, 2023 |
||
| 300 | _a269 pàgines | ||
| 942 |
_2udc _cMON |
||